000 00582nam a2200193Ia 4500
005 20260120124611.0
008 008 260114s9999 xx 000 0 eng d
020 _a9781848552104
037 _aEBOOK
040 _aCRL
_beng
_cCRL
041 _aeng
_2eng
084 _qCRL
245 2 _aA Focused Issue on Fundamental Issues in Competence Theory Development
260 _bEmerald Publishing
_c2008
700 _aRon Sanchez
_9908248
856 _uhttps://www.emerald.com/insight/publication/doi/10.1016/S1744-2117(2008)4
942 _cEBOOK
999 _c1500136
_d1500136